[Event "AUT-chT9596"]
[Site "Vorarlberg"]
[Date "1995.??.??"]
[Round "8"]
[White "Lochner, Herbert"]
[Black "Frei, Eugen"]
[Result "1-0"]
[WhiteElo "1840"]
[BlackElo "1845"]

1.Nf3 c5 2.c4 Nf6 3.Nc3 g6 4.d4 cxd4 5.Nxd4 Bg7 6.e4 d6 7.Be2 O-O 8.Be3 Re8
9.O-O a6 10.Qd2 Nc6 11.Rfd1 Bd7 12.Rac1 Rc8 13.f3 Qa5 14.a3 Ne5 15.b3 h5
16.Qb2 Nc6 17.b4 Qc7 18.Nxc6 bxc6 19.c5 Ra8 20.Qd2 dxc5 21.Bxc5 Be6 22.Qe3 Kh7
23.Bb6 Qb8 24.f4 Nd7 25.Na4 Bh6 26.g3 Qb7 27.Bd4 a5 28.Nc5 Nxc5 29.Bxc5 axb4
30.Bxb4 Bh3 31.Rc5 e5 32.Qc3 exf4 33.gxf4 Be6 34.f5 gxf5 35.Bxh5 Rg8+ 36.Kh1 fxe4
37.Rxc6 Rac8 38.Rdd6 Rxc6 39.Rxc6 Qb5 40.Qf6 Qf1+ 41.Qxf1 Be3 42.Rxe6 fxe6
43.Qf7+ Rg7 44.Bg6+ Kh6 45.Bf8  1-0

[Event "SLO-ch"]
[Site "Vrhnika"]
[Date "1995.??.??"]
[Round "?"]
[White "Bukic, Enver"]
[Black "Jelen, Igor"]
[Result "1-0"]
[WhiteElo "2440"]
[BlackElo "2400"]

1.Nf3 Nf6 2.c4 c5 3.Nc3 d5 4.cxd5 Nxd5 5.d4 Nxc3 6.bxc3 g6 7.Bg5 Bg7 8.e3 O-O
9.Be2 Nc6 10.O-O cxd4 11.cxd4 Be6 12.Qa4 a6 13.Rfc1 Qd7 14.Qa3 Bd5 15.Bf4 Rfe8
16.Qb2 f6 17.Bg3 e5 18.Bc4 Bxc4 19.Rxc4 exd4 20.exd4 Rad8 21.Rf1 b5 22.Rc5 Nxd4
23.Nxd4 Qxd4 24.Qb3+ Kh8 25.Rc6 Ra8 26.h3 f5 27.Rd1 Qe4 28.Rc7 Re7 29.Rdd7 Rxd7
30.Rxd7 f4 31.Bh4 Qf5 32.Rf7 Qe5 33.Re7 Qd4 34.Qf7 h6 35.Qxg6 f3 36.Rxg7 Qxg7  1-0

[Event "POL-ch"]
[Site "Warsaw"]
[Date "1995.??.??"]
[Round "8"]
[White "Schmidt, Wlodzimierz"]
[Black "Oliwa, Marek"]
[Result "0-1"]
[WhiteElo "2475"]
[BlackElo "2405"]

1.Nf3 c5 2.c4 Nf6 3.Nc3 g6 4.d4 Bg7 5.e4 O-O 6.Be2 d6 7.O-O Na6 8.d5 Bg4
9.h3 Bxf3 10.Bxf3 Nc7 11.Bf4 Nfe8 12.Be2 e5 13.Be3 f5 14.exf5 gxf5 15.f4 e4
16.g4 Bxc3 17.bxc3 Ng7 18.Rb1 Rb8 19.g5 Qd7 20.Kh2 Kf7 21.Qb3 Rh8 22.Rg1 h6
23.gxh6 Rxh6 24.Rg3 Rh7 25.Rbg1 Nce8 26.Qd1 Nf6 27.Kg2 Rbh8 28.Kf2 Nge8 29.Kg2 Ke7
30.a4 b6 31.Qb3 Kf8 32.Qb5 Qe7 33.a5 bxa5 34.Qxa5 Qb7 35.Qa2 Rh4 36.Rb1 Qh7
37.Rh1 Ng4 38.Qd2 Nef6 39.Bd1 Nh5 40.Rxg4 fxg4 41.Bxg4 Rxg4+ 42.hxg4 Nxf4+  0-1

[Event "Wattens op"]
[Site "Wattens"]
[Date "1995.??.??"]
[Round "?"]
[White "Holzbauer, Johannes"]
[Black "Wachinger, Guenther"]
[Result "1/2-1/2"]
[WhiteElo "2075"]
[BlackElo "2275"]

1.Nf3 c5 2.c4 Nf6 3.Nc3 e6 4.g3 b6 5.Bg2 Bb7 6.O-O Be7 7.e3 O-O 8.b3 d5 9.cxd5 Nxd5
10.Nxd5 Bxd5 11.d4 Bf6 12.Bb2 cxd4 13.Nxd4 Bxg2  1/2-1/2

[Event "Wattens op"]
[Site "Wattens"]
[Date "1995.??.??"]
[Round "?"]
[White "Uhlmann, Wolfgang"]
[Black "Priehoda, Vitezslav"]
[Result "1/2-1/2"]
[WhiteElo "2490"]
[BlackElo "2365"]

1.c4 Nf6 2.Nc3 e6 3.Nf3 c5 4.g3 b6 5.Bg2 Bb7 6.d4 cxd4 7.Qxd4 d6 8.O-O a6
9.e4 Nbd7 10.Qe3 Be7 11.Nd4 Qc7 12.b3 O-O 13.Bb2 Rfe8 14.Rfe1 Bf8 15.Qd2 Rac8
16.Re2 Qb8 17.Rd1 g6 18.Qe1 Qa8 19.f3 h5 20.Kh1 Qb8 21.h3 Bg7 22.Nc2 Ba8
23.Nb4 Nc5 24.Red2 Red8 25.Nc2 Bc6 26.Ne3 b5 27.b4 Ncd7 28.a3 Nb6 29.cxb5 axb5
30.Qe2 d5 31.e5 Ne8 32.f4 Nc7 33.g4 hxg4 34.Qxg4 Ne8 35.Ne2 Nc4 36.Nxc4 dxc4
37.Bxc6 Rxd2 38.Rxd2 Rxc6 39.Nc3 Rc8 40.Qd1 Qb7+ 41.Kh2 Bh6 42.Rd4 Ng7 43.Bc1 Nf5
44.Rd8+ Rxd8 45.Qxd8+ Kg7 46.Qd1 Nh4 47.Qe2 Nf3+ 48.Kg3 Nd4 49.Qd1 Nf5+ 50.Kh2 Nh4
51.Qe2 Nf3+ 52.Kg3  1/2-1/2

[Event "Wattens op"]
[Site "Wattens"]
[Date "1995.??.??"]
[Round "?"]
[White "Niedermayer, Anton"]
[Black "Wachinger, Guenther"]
[Result "1/2-1/2"]
[WhiteElo "2035"]
[BlackElo "2275"]

1.c4 c5 2.Nc3 Nf6 3.Nf3 e6 4.g3 b6 5.Bg2 Bb7 6.O-O Be7 7.e3 O-O 8.d4 cxd4
9.exd4 d5 10.Ne5 h6 11.Re1 Nbd7 12.Bf4  1/2-1/2

[Event "Sonnevanck-B"]
[Site "Wijk aan Zee"]
[Date "1995.??.??"]
[Round "9"]
[White "Reeh, Oliver"]
[Black "Michaelsen, Nils"]
[Result "1/2-1/2"]
[WhiteElo "2450"]
[BlackElo "2430"]

1.c4 Nf6 2.Nc3 c5 3.Nf3 e6 4.e3 d5 5.d4 Nc6 6.cxd5 exd5 7.Be2 cxd4 8.Nxd4 Bd6
9.O-O O-O 10.Bf3 Be5 11.Nce2 Ne4 12.g3 Bh3 13.Bg2 Bxg2 14.Kxg2 Qf6 15.b3 Bxd4
16.Nxd4 Nxd4 17.Qxd4 Qxd4 18.exd4 Rfc8 19.Be3 Rc6 20.Rfc1 Rac8 21.Rxc6 Rxc6
22.Rc1 Rxc1 23.Bxc1 h5 24.f3 Nd6 25.Kf2 f6 26.h3 Kf7 27.g4 hxg4 28.hxg4 Ke6
29.a4 a6 30.Bf4 Nf7 31.Ke2 f5 32.gxf5+ Kxf5 33.Bc7 Ng5 34.Ke3 g6 35.Bd6 Ne6
36.Be7 Nf4 37.Bd6 Ne6 38.Be7 Nc7 39.Bd6 Ne6  1/2-1/2

[Event "Wuerzburg op"]
[Site "Wuerzburg"]
[Date "1995.??.??"]
[Round "3"]
[White "Badea, Bela"]
[Black "Rapatinski, Konstantin"]
[Result "1-0"]
[WhiteElo "2490"]
[BlackElo "2225"]

1.c4 Nf6 2.Nc3 c5 3.Nf3 e6 4.g3 d5 5.cxd5 Nxd5 6.Bg2 Nc6 7.O-O Be7 8.Nxd5 exd5
9.d4 O-O 10.dxc5 Bxc5 11.Bg5 Qb6 12.Qxd5 Be6 13.Qe4 Qxb2 14.Rfb1 Qc3 15.Rc1 Qb4
16.Qc2 Bb6 17.Bd2 Qb5 18.Bc3 Rac8 19.a4 Qh5 20.Qb2 f6 21.Qb5 Qxb5 22.axb5 Ne7
23.Bd4 Rxc1+ 24.Rxc1 Rc8 25.Ra1 Rc2 26.Bxb6 axb6 27.Nd4 Ra2 28.Rxa2 Bxa2
29.Bxb7 Kf7 30.f4 Ke8 31.Kf2 Kd7 32.e4 Kd6 33.Ke3 g5 34.h4 gxh4 35.gxh4 Kc5
36.Nc6 Nxc6 37.bxc6 Kd6 38.Kd4 Be6 39.Ba6 Kxc6 40.e5 b5 41.exf6 b4 42.Bd3 h6
43.Bc4  1-0

[Event "Yalta op"]
[Site "Yalta"]
[Date "1995.??.??"]
[Round "9"]
[White "Neverov, Valeriy"]
[Black "Shipov, Sergei"]
[Result "1/2-1/2"]
[WhiteElo "2490"]
[BlackElo "2510"]

1.c4 Nf6 2.Nc3 c5 3.Nf3 e6 4.g3 b6 5.Bg2 Bb7 6.O-O Be7 7.Re1 d6 8.e4 a6 9.d4 cxd4
10.Nxd4 Qc7 11.Be3 O-O 12.Rc1 Re8 13.f4 Nbd7 14.Bf2 Bf8 15.g4 g6 16.Bf3 h6
17.h3 Rac8 18.b3 e5 19.Nde2 exf4 20.Nxf4 Qb8 21.Bg2 b5 22.cxb5 axb5 23.Nxb5 Rxc1
24.Qxc1 Bxe4 25.a4 Nc5 26.Bxe4 Ncxe4 27.Qc7 Qa8 28.Qa7 Qc6 29.Qc7 Qa8 30.Qa7 Qc6
31.Qc7  1/2-1/2

[Event "EU-ch U18 Girls"]
[Site "Zagan"]
[Date "1995.??.??"]
[Round "10"]
[White "Kononenko, Tatiana"]
[Black "Sidorova, Elena"]
[Result "0-1"]
[WhiteElo "2240"]
[BlackElo "2060"]

1.Nf3 Nf6 2.c4 c5 3.Nc3 e6 4.g3 b6 5.Bg2 Bb7 6.O-O Be7 7.d4 cxd4 8.Qxd4 d6
9.Rd1 a6 10.Be3 Nbd7 11.Ng5 Bxg2 12.Kxg2 Qc7 13.Nge4 Nxe4 14.Nxe4 O-O 15.Rac1 Rfd8
16.Bg5 f6 17.Bf4 Qc6 18.Qe3 Nc5 19.f3 e5 20.Nxc5 dxc5 21.g4 exf4 22.Qxe7 Re8
23.Rd6 Rxe7 24.Rxc6 Rxe2+ 25.Kh3 Rd8 26.Rxb6 g5 27.Rxa6 Rdd2 28.Rh1 Rf2 29.Ra3 Rxb2
30.Ra8+ Kf7 31.Ra7+ Ke6 32.Ra3 Rbe2 33.Rd3 Rxa2 34.Re1+ Kf7 35.Rh1 Rac2 36.Rd7+ Kg6  0-1

[Event "EU-ch U20 Girls"]
[Site "Zanka"]
[Date "1995.??.??"]
[Round "9"]
[White "Kononenko, Tatiana"]
[Black "Bradianu, Ileana"]
[Result "1-0"]
[WhiteElo "2115"]
[BlackElo "2055"]

1.Nf3 Nf6 2.c4 c5 3.Nc3 e6 4.g3 b6 5.Bg2 Bb7 6.O-O a6 7.d4 cxd4 8.Qxd4 d6
9.b3 Be7 10.Rd1 O-O 11.Ba3 Nc6 12.Qf4 Nh5 13.Qd2 d5 14.Bxe7 Nxe7 15.cxd5 Nxd5
16.Nxd5 Bxd5 17.Qb4 Nf6 18.Rd4 Qc7 19.e4 a5 20.Qe1 Bb7 21.Rc1 Qe7 22.e5 Nd5
23.Nd2 Nb4 24.Bxb7 Qxb7 25.a3 Nd5 26.Ne4 Rac8 27.Nd6 Rxc1 28.Qxc1 Qd7 29.Rg4 f6
30.exf6 Nxf6 31.Rd4 Nd5 32.Ne4 h6 33.Rc4 Rd8 34.Rc6 Re8 35.Rd6 Rc8 36.Qd2 Qe7
37.Qd4 Rd8 38.Rxd8+ Qxd8 39.Qe5 Qd7 40.Nd6 Ne7 41.Nc4 Qd1+ 42.Kg2 Qd5+ 43.Qxd5 Nxd5
44.Kf3 Kf7 45.Ke4 a4 46.bxa4 Nc3+ 47.Ke5 Nxa4 48.Kd6 b5 49.Nd2 g5 50.Kc6 Nc3
51.Kc5 Ke7 52.Kb4 Nd5+ 53.Kxb5 Kd6 54.Nc4+ Kc7 55.Kc5 Nf6 56.f3 Nd7+ 57.Kd4 h5
58.Ne5 Nb6 59.Nf7 g4 60.fxg4  1-0

[Event "EU-ch U20 Girls"]
[Site "Zanka"]
[Date "1995.??.??"]
[Round "11"]
[White "Kononenko, Tatiana"]
[Black "Popova, Natalija"]
[Result "1-0"]
[WhiteElo "2115"]
[BlackElo "2065"]

1.Nf3 Nf6 2.c4 g6 3.Nc3 c5 4.g3 Bg7 5.Bg2 O-O 6.O-O d5 7.cxd5 Nxd5 8.Qb3 Nb6
9.d3 Nc6 10.Be3 Nd4 11.Qd1 Bg4 12.Ng5 h6 13.Nge4 Rc8 14.h3 Be6 15.Rc1 Qd7
16.Kh2 Rfd8 17.b3 f5 18.Nd2 Bf7 19.f4 Kh7 20.Nf3 Nxf3+ 21.Bxf3 e5 22.fxe5 Bxe5
23.Qe1 Re8 24.Qf2 Qe7 25.Nd1 Bd6 26.Qg2 Rc7 27.Bd2 Be5 28.Nc3 a6 29.e4 Qd6
30.Be2 Rg8 31.Bf4 Be6 32.Rce1 Bxf4 33.Rxf4 g5 34.Rff1 f4 35.e5 Qd4 36.Qe4+ Qxe4
37.Nxe4 Nd5 38.gxf4 gxf4 39.Bf3 Rf8 40.Rg1 b6 41.Nd6 Ne7 42.Be4+ Kh8 43.Ref1 b5
44.Rf2 Bd5 45.Rg4 Bxe4 46.dxe4 f3 47.e6 c4 48.Nf7+ Kh7 49.Rxf3 Rg8 50.Rxg8 Nxg8
51.bxc4 bxc4 52.Ne5 Kg7 53.Nd7 c3 54.Rf7+ Kh8 55.Nf6 Re7 56.Nd5 Rxe6 57.Nxc3 Nf6
58.e5 Ne8 59.Rf5 Kg7 60.Kg3 Kg6 61.Kf4 Ng7 62.Rf8 Rc6 63.Nd5 Rc2 64.Rf6+ Kh7
65.Rxa6 Rc4+ 66.Kf3 Ne8 67.Re6 Rc8 68.Rxe8  1-0

[Event "Zaragoza op-A"]
[Site "Zaragoza"]
[Date "1995.??.??"]
[Round "5"]
[White "Suba, Mihai"]
[Black "De la Villa Garcia, Jesus Maria"]
[Result "1-0"]
[WhiteElo "2475"]
[BlackElo "2490"]

1.c4 c5 2.Nf3 Nf6 3.Nc3 d5 4.cxd5 Nxd5 5.e4 Nb4 6.Bc4 Nd3+ 7.Ke2 Nf4+ 8.Kf1 Ne6
9.Ne5 Nc6 10.Nxc6 bxc6 11.Na4 g6 12.d3 Bg7 13.h4 Qd6 14.h5 Nd4 15.Be3 Be6
16.Rc1 Rd8 17.b3 O-O 18.hxg6 hxg6 19.Nxc5 Qxc5 20.Bxe6 Qa3 21.Bc4 Qxa2 22.Qg4 e6
23.Re1 Rfe8 24.Qh4 Qb2 25.Bc1  1-0

[Event "Aegina op"]
[Site "Aegina"]
[Date "1996.??.??"]
[Round "2"]
[White "Kaloussis, Evangelos"]
[Black "Voulgaridou, Dimitra"]
[Result "1-0"]
[WhiteElo "2275"]
[BlackElo "2050"]

1.c4 Nf6 2.Nc3 c5 3.Nf3 g6 4.e3 Nc6 5.d4 cxd4 6.exd4 d5 7.cxd5 Nxd5 8.Bc4 Nb6
9.Bb3 Bg7 10.Be3 Bg4 11.Bxf7+ Kf8 12.Bb3 Qd6 13.h3 Be6 14.O-O Rd8 15.Ng5 Bc4
16.Bxc4 Nxc4 17.Qf3+ Bf6 18.Nge4 Nxd4 19.Bxd4  1-0

[Event "Aegina op"]
[Site "Aegina"]
[Date "1996.??.??"]
[Round "2"]
[White "Sirigos, Nikolaos"]
[Black "Tantsis, Georgios"]
[Result "1/2-1/2"]
[WhiteElo "2290"]
[BlackElo "2150"]

1.Nf3 Nf6 2.c4 c5 3.Nc3 d5 4.cxd5 Nxd5 5.e4 Nb4 6.d3 Bg4 7.a3 Bxf3 8.gxf3 N4c6
9.f4 e6 10.Be3 Nd4 11.Bg2 Nbc6 12.O-O Qd7 13.Rc1 Be7 14.Bh3 f5 15.Kh1 g6
16.b4 cxb4 17.axb4 Bxb4 18.Ne2 Ba5 19.Nxd4 Nxd4 20.Bxd4 Qxd4 21.Rc4 Qb6 22.Qa4+ Ke7
23.Rfc1 Rhd8 24.Qa1 Kf7 25.Qe5 Rd7 26.exf5 exf5 27.Bxf5 Re8 28.Bxd7 Rxe5
29.fxe5 Qxf2 30.Bh3 Ke7 31.d4 b5 32.Rc5 Qxd4 33.Rxb5 Bb6 34.Bg2 Qd3 35.Rd5 Qa3
36.Rcd1 Qa4 37.Bh3 Qe4+ 38.Bg2 Qg4 39.Rd6 h5 40.R6d3 Qa4 41.Rd6 g5  1/2-1/2

[Event "Aegina op"]
[Site "Aegina"]
[Date "1996.??.??"]
[Round "8"]
[White "Simeonidis, Ioannis"]
[Black "Halkias, Stelios"]
[Result "0-1"]
[WhiteElo "2155"]
[BlackElo "2330"]

1.Nf3 Nf6 2.c4 c5 3.Nc3 e6 4.g3 b6 5.Bg2 Bb7 6.O-O Be7 7.Re1 a6 8.e4 d6 9.d4 cxd4
10.Nxd4 Qc7 11.Be3 O-O 12.Rc1 Nbd7 13.f4 Rac8 14.f5 e5 15.Nd5 Qd8 16.Nb3 b5
17.Qd2 bxc4 18.Na5 Bxd5 19.exd5 e4 20.Rxc4 Ne5 21.Rxc8 Qxc8 22.Rf1 Bd8 23.b3 Nfg4
24.Bd4 e3 25.Qe1 e2 26.Rf4 Bxa5 27.Qxe2 Nf6 28.g4 Qc1+ 29.Rf1 Qd2 30.Qxd2 Bxd2  0-1

[Event "Andorra"]
[Site "Andorra"]
[Date "1996.??.??"]
[Round "2"]
[White "Marin, Mihail"]
[Black "Gamundi, Antonio"]
[Result "0-1"]
[WhiteElo "2530"]
[BlackElo "2395"]

1.Nf3 c5 2.c4 Nf6 3.Nc3 e6 4.g3 b6 5.Bg2 Bb7 6.O-O a6 7.Re1 Be7 8.e4 d6 9.d4 cxd4
10.Nxd4 Qc7 11.Be3 Nbd7 12.Rc1 O-O 13.f4 Rac8 14.g4 g6 15.g5 Nh5 16.f5 exf5
17.Nd5 Qd8 18.Nxe7+ Qxe7 19.Nxf5 gxf5 20.Qxh5 Bxe4 21.Bd4 Qe6 22.Rxe4 fxe4
23.Bh3 Rxc4 24.Rd1 Qd5 25.Be3 Qb5 26.Bf1 Qc6 27.Qh6 Ne5 28.Rxd6 Qc8 29.Be2 Ng4
30.Qh3 Nxe3 31.Qxe3 Qc5 32.Qxc5 Rxc5 33.Rxb6 Rxg5+ 34.Kf2 a5 35.b3 Re8 36.Ke3 Re7
37.Ra6 Kg7 38.h4 Rc5 39.h5 h6 40.Bg4 Rc3+  0-1

[Event "Andorra"]
[Site "Andorra"]
[Date "1996.??.??"]
[Round "3"]
[White "Franco Ocampo, Zenon"]
[Black "Ulibin, Mikhail"]
[Result "1-0"]
[WhiteElo "2470"]
[BlackElo "2550"]

1.Nf3 c5 2.c4 Nf6 3.Nc3 e6 4.g3 b6 5.Bg2 Bb7 6.O-O d6 7.b3 Be7 8.Bb2 O-O
9.d4 cxd4 10.Nxd4 Bxg2 11.Kxg2 Qc7 12.e3 Nbd7 13.f4 a6 14.Qf3 Rac8 15.g4 Nc5
16.g5 Nfd7 17.Rad1 Rfe8 18.h4 Bf8 19.Rd2 Nb8 20.Rfd1 Rcd8 21.h5 Qc8 22.f5 e5
23.Nde2 e4 24.Qh3 Nc6 25.Nd5 Ne7 26.Nef4 Nd3 27.Rxd3 exd3 28.h6 Nxf5 29.Rxd3 Re4
30.hxg7 Bxg7 31.Bxg7 Kxg7 32.Nf6 Rxf4 33.Qxh7+ Kf8 34.exf4 Qe6 35.Kf2 Ke7
36.Qh1 Rb8 37.Qc6 Qc8 38.Nd5+ Kd8 39.Qxc8+ Kxc8 40.Rh3 Kd7 41.Rh7 Ke6 42.Nc7+ Ke7
43.Nxa6 Ra8 44.Nb4 Ke6 45.Kf3 Rc8 46.a4 Nd4+ 47.Ke4 Nxb3 48.f5+ Kd7 49.Kd3 Nc1+
50.Ke3 Rxc4 51.Nd5 Rc5 52.Nf6+ Ke7 53.Rh8 d5 54.Re8+ Kd6 55.g6 fxg6 56.Re6+ Kc7
57.fxg6 d4+ 58.Kxd4 Nb3+ 59.Ke4 Rg5 60.Kf4 Rg1 61.g7  1-0

[Event "Ano Liosia op"]
[Site "Ano Liosia"]
[Date "1996.??.??"]
[Round "4"]
[White "Sklavounos, Panayotis"]
[Black "Kalesis, Nikolaos"]
[Result "0-1"]
[WhiteElo "2150"]
[BlackElo "2355"]

1.Nf3 c5 2.c4 Nf6 3.Nc3 b6 4.g3 Bb7 5.Bg2 e6 6.O-O Be7 7.b3 d6 8.Bb2 a6 9.Rc1 Nbd7
10.d4 cxd4 11.Qxd4 O-O 12.Rfd1 Qc7 13.h3 Rfd8 14.e4 Rac8 15.Qe3 Qb8 16.Nd4 Re8
17.Kh2 Bf8 18.Qd3 Be7 19.Re1 Ne5 20.Qf1 Bd8 21.Nf3 Nxf3+ 22.Bxf3 Bc6 23.a4 Nd7
24.Bd1 Bf6 25.Qd3 Nc5 26.Qd2 Qa8 27.b4 Nd7 28.f4 Red8 29.Bc2 Bb7 30.Qd3 g6
31.Bb3 a5 32.e5 dxe5 33.Ne4 Bxe4 34.Qxe4 Qxe4 35.Rxe4 exf4 36.Bxf6 fxg3+
37.Kxg3 Nxf6 38.Re3 axb4 39.Rf1 Nd7 40.Bc2 Rxc4 41.Bd3 Rc3  0-1

[Event "Donau op 5th"]
[Site "Aschach"]
[Date "1996.??.??"]
[Round "5"]
[White "Lechtynsky, Jiri"]
[Black "Wohlfahrt, Herbert J"]
[Result "1/2-1/2"]
[WhiteElo "2425"]
[BlackElo "2250"]

1.Nf3 Nf6 2.c4 e6 3.Nc3 c5 4.g3 b6 5.Bg2 Bb7 6.O-O Be7 7.d4 cxd4 8.Qxd4 d6
9.Rd1 O-O 10.b3 Na6 11.e4 Nc5 12.e5 dxe5 13.Qe3 Qc8 14.Nxe5 Nfd7 15.Nxd7 Nxd7
16.Bb2 Nf6 17.Nd5 exd5 18.Qxe7 Re8 19.Qb4 dxc4 20.Bxb7 Qxb7 21.Bxf6 gxf6
22.Qxc4 Re6 23.Qg4+ Kh8 24.Rac1 Rc8 25.Rxc8+ Qxc8 26.Kg2 Qc6+ 27.Kh3 Rd6
28.Rxd6 Qxd6 29.Kg2 a5 30.h4 h6 31.a4 Qc5 32.Qf4 Kg7  1/2-1/2

[Event "Asti op"]
[Site "Asti"]
[Date "1996.??.??"]
[Round "?"]
[White "Minnebo, Alain"]
[Black "Frank, Albert"]
[Result "1-0"]
[WhiteElo "2200"]
[BlackElo "2155"]

1.c4 c5 2.Nf3 Nf6 3.Nc3 d5 4.cxd5 Nxd5 5.e4 Nc7 6.Bc4 Ne6 7.b4 cxb4 8.Nd5 g6
9.Bb2 Bg7 10.Bxg7 Nxg7 11.Nxb4 O-O 12.O-O Nd7 13.d4 Nb6 14.Be2 Bd7 15.Qd2 Rc8
16.Rac1 Rxc1 17.Rxc1 Qb8 18.Nd3 Rc8 19.Nc5 Ne6 20.g3 Nf8 21.Ne5 Be8 22.Rb1 Qc7
23.a4 Rb8 24.Qa5 Qd8 25.Rb4 f6 26.Ned3 f5 27.f3 Bc6 28.d5 fxe4 29.fxe4 Be8
30.Qxa7 Nxa4 31.Nxa4 Ra8 32.Qb6 Qd7 33.Nac5 Qh3 34.Nf4 Ra1+ 35.Rb1 Rxb1+
36.Qxb1 Qh6 37.Qxb7 g5 38.Nfe6 Qf6 39.Qb1 Bg6 40.Bd3 Qe5 41.Kg2  1-0

[Event "Athens cup sf"]
[Site "Athens"]
[Date "1996.??.??"]
[Round "?"]
[White "Papaioannou, Ioannis"]
[Black "Kalesis, Nikolaos"]
[Result "1-0"]
[WhiteElo "2495"]
[BlackElo "2390"]

1.Nf3 c5 2.c4 Nf6 3.Nc3 b6 4.e4 d6 5.d4 cxd4 6.Nxd4 Bb7 7.Bd3 e6 8.O-O Nbd7
9.Qe2 Be7 10.f4 O-O 11.f5 d5 12.fxe6 Bc5 13.exd7 Bxd4+ 14.Kh1 Bxc3 15.exd5 Bd4
16.Bg5 Qxd7 17.Bxf6 Bxf6 18.Qe4 Rfe8 19.Qxh7+ Kf8 20.Bf5 Qd6 21.Qh8+ Ke7
22.Rae1+ Be5 23.Qh4+ Kf8 24.Be6 Rxe6 25.dxe6 Qxe6 26.Qh5 Kg8 27.Rxe5 Qxc4
28.Rfe1 Bc6 29.b3 Qc3 30.Re7 Qf6 31.Qe2 Rf8 32.Kg1 Qg5 33.Re5 Qg6 34.Re3 Rd8
35.Rg3 Qf6 36.Qe5 Qxe5 37.Rxe5 Rd2 38.a3 a5 39.h3 g6 40.Re7 Rb2 41.a4 Kg7
42.Ra7 Bd5 43.Ra6 Rxb3 44.Rxb3 Bxb3 45.Rxb6 Bxa4 46.Ra6 f6 47.Rxa5 Bc2 48.Ra7+ Kh6
49.Rf7 Kg5 50.Kf2 Kf5 51.g4+ Ke6 52.Rc7 Bd1 53.Rc1 Ba4 54.h4 Kf7 55.Rc5 Kg7
56.g5 fxg5 57.hxg5 Kf7 58.Ra5 Bc2 59.Ke3  1-0

[Event "GRE-chT"]
[Site "Athens"]
[Date "1996.??.??"]
[Round "4"]
[White "Kourkounakis, Ilias"]
[Black "Kofidis, Andreas"]
[Result "1/2-1/2"]
[WhiteElo "2400"]
[BlackElo "2360"]

1.c4 Nf6 2.Nc3 c5 3.Nf3 b6 4.g3 Bb7 5.Bg2 g6 6.b3 Bg7 7.Bb2 O-O 8.O-O Na6
9.Rc1 Ne4 10.d4 Nxc3 11.Bxc3 cxd4 12.Bxd4 Nc5 13.Bxg7 Kxg7 14.Qd4+ Kg8 15.Rfd1 d6
16.Qe3 Qc7 17.b4 Ne6 18.Bh3 Bxf3 19.exf3 Ng7 20.c5 dxc5 21.Rd7 Qc6 22.bxc5 e6
23.Rd4 bxc5 24.Rdc4  1/2-1/2

[Event "AUT-chT2O 9697"]
[Site "Austria"]
[Date "1996.??.??"]
[Round "5"]
[White "Schueller, Ernst"]
[Black "Mayr, Klaus"]
[Result "1/2-1/2"]
[WhiteElo "2240"]
[BlackElo "2295"]

1.c4 Nf6 2.Nc3 c5 3.Nf3 d5 4.cxd5 Nxd5 5.g3 Nc6 6.Bg2 Nc7 7.O-O e5 8.d3 Be7
9.Be3 Bd7 10.Rc1 Rc8 11.Ne4  1/2-1/2

[Event "AUT-chT9697"]
[Site "Austria"]
[Date "1996.??.??"]
[Round "6"]
[White "Sommerbauer, Norbert"]
[Black "Huber, Wolfgang"]
[Result "1-0"]
[WhiteElo "2350"]
[BlackElo "2220"]

1.Nf3 Nf6 2.c4 c5 3.Nc3 g6 4.d4 cxd4 5.Nxd4 Bg7 6.e4 Nc6 7.Be3 O-O 8.Be2 d6
9.O-O Bd7 10.Qd2 Nxd4 11.Bxd4 Bc6 12.f3 b6 13.Rfd1 Qc7 14.Nd5 Bxd5 15.cxd5 Qb7
16.Bb5 Rac8 17.Qd3 Rc7 18.Ba6 Qb8 19.Rac1 Nd7 20.Bxg7 Kxg7 21.b4 f5 22.Qd4+ Kg8
23.Bb5 f4 24.Bxd7 Rxd7 25.Rc6 Rc7 26.b5 Rxc6 27.dxc6 Qc7 28.e5 Rd8 29.Qd5+ Kf8
30.Qe6 Kg7 31.exd6 exd6 32.Re1 d5 33.Qe7+ Qxe7 34.Rxe7+ Kf6 35.Rxh7 Ke5 36.Rxa7 Kd4
37.a4 Kc4 38.Rd7 Re8 39.Kf2 d4 40.c7 Rc8 41.Rd6 Kd3 42.Rc6 Kd2 43.a5 bxa5
44.b6 Re8 45.h4  1-0

[Event "AUT-chT9596"]
[Site "?"]
[Date "1996.??.??"]
[Round "?"]
[White "Uhlmann, Wolfgang"]
[Black "Atlas, Valeri"]
[Result "1-0"]
[WhiteElo "2460"]
[BlackElo "2440"]

1.c4 Nf6 2.Nc3 c5 3.Nf3 e6 4.g3 b6 5.Bg2 Bb7 6.d4 cxd4 7.Qxd4 d6 8.O-O Be7
9.e4 O-O 10.Qe3 Nbd7 11.Nd4 Re8 12.b3 d5 13.exd5 exd5 14.Nf5 Bb4 15.Qg5 g6
16.Bb2 Re5 17.Nh6+ Kg7 18.Qc1 d4 19.Nb5 Bxg2 20.Kxg2 Rxb5 21.cxb5 Nc5 22.Qc4 Kxh6
23.Qxb4 Ne6 24.Rad1 Qd5+ 25.Kg1 Rd8 26.Qc4 Qe4 27.Rfe1 Qg4 28.Qe2 Qh3 29.f3 Qf5
30.Qe5 Rd5 31.Qxf5 gxf5 32.Rd3 Nd7 33.Kf2 Nec5 34.Rd2 Kg6 35.Red1 d3 36.Bc3 f4
37.Bb4 fxg3+ 38.hxg3  1-0

[Event "AUT-chT2S 9596"]
[Site "AUT"]
[Date "1996.??.??"]
[Round "?"]
[White "Januschke, Markus"]
[Black "Kastner, Walter"]
[Result "1/2-1/2"]
[WhiteElo "2190"]
[BlackElo "2300"]

1.Nf3 Nf6 2.c4 c5 3.Nc3 b6 4.g3 Bb7 5.Bg2 g6 6.O-O Bg7 7.d4 cxd4 8.Qxd4 d6
9.Qh4 h6 10.Rd1 Nbd7 11.Qd4 Rc8 12.b3 O-O 13.Bb2 Rc5 14.Rac1 Qa8 15.Nh4  1/2-1/2

[Event "Bad Woerishofen op"]
[Site "Bad Woerishofen"]
[Date "1996.??.??"]
[Round "9"]
[White "Levin, Felix"]
[Black "Wahls, Matthias"]
[Result "1-0"]
[WhiteElo "2480"]
[BlackElo "2555"]

1.Nf3 Nf6 2.c4 c5 3.Nc3 e6 4.g3 b6 5.Bg2 Bb7 6.O-O d6 7.Re1 a6 8.e4 Qc7 9.b3 Be7
10.Bb2 O-O 11.d4 cxd4 12.Nxd4 Re8 13.f4 Bf8 14.Kh1 Nc6 15.Nc2 Rad8 16.Ne3 Qb8
17.Qe2 Na7 18.Ng4 Nxg4 19.Qxg4 Nc6 20.Rad1 Ba8 21.Qe2 Qc7 22.Rd2 Nb8 23.Rc1 Nd7
24.Nd1 Nc5 25.Nf2 Rc8 26.Rcd1 Rcd8 27.e5 Bxg2+ 28.Kxg2 dxe5 29.Bxe5 Rxd2
30.Rxd2 Qc8 31.Qd1 f6 32.Bd6 e5 33.Bxf8 Rxf8 34.Qf3 exf4 35.Qxf4 f5 36.Qd6 Ne6
37.Qxb6 f4 38.Rd6 Rf6 39.Qc6 Qf8 40.Rxe6  1-0

[Event "GER-ARM"]
[Site "Baden-Baden"]
[Date "1996.??.??"]
[Round "1"]
[White "Stangl, Markus"]
[Black "Anastasian, Ashot"]
[Result "1/2-1/2"]
[WhiteElo "2565"]
[BlackElo "2550"]

1.Nf3 Nf6 2.c4 c5 3.Nc3 e6 4.g3 b6 5.Bg2 Bb7 6.O-O Nc6 7.Re1 d5 8.cxd5 Nxd5
9.Nxd5 Qxd5 10.Qa4 Qd7 11.d3 Rd8 12.Bd2 Be7 13.Bc3 O-O 14.Qg4 f6 15.Bh3 Bc8
16.a4 e5 17.Qc4+ Qd5 18.Qxd5+ Rxd5 19.Bg2 Rdd8 20.Rec1 Be6 21.Ng5 Bd5 22.Ne6 Bxe6
23.Bxc6 a5 24.Kg2 Kf7 25.Bb5 g5 26.Bc4 h5 27.h3 Bd6 28.e4 Bc7 29.g4 Ke7 30.f3 Rh8
31.Rh1 Rd6 32.h4 Bxc4 33.dxc4 hxg4 34.hxg5 gxf3+ 35.Kxf3 Rd3+ 36.Ke2 Rdh3
37.Rxh3 Rxh3 38.gxf6+ Kxf6 39.Rf1+ Ke6 40.Rg1 Kf7 41.Rg5 Bd6 42.Rf5+  1/2-1/2

[Event "Balatonalm di op"]
[Site "Balaton"]
[Date "1996.??.??"]
[Round "3"]
[White "Zemerov, Vladimir"]
[Black "Papp, Zsolt"]
[Result "1-0"]
[WhiteElo "2410"]
[BlackElo "2135"]

1.Nf3 Nf6 2.c4 c5 3.Nc3 b6 4.d4 cxd4 5.Nxd4 Bb7 6.f3 d6 7.e4 Nbd7 8.Be3 a6
9.Be2 e6 10.O-O Be7 11.Qd2 Rc8 12.Rac1 Qc7 13.Kh1 Qb8 14.Rfd1 O-O 15.Bf1 Bd8
16.Bg1 Bc7 17.Qf2 Rfe8 18.b4 Qa8 19.Nb3 d5 20.exd5 exd5 21.Nxd5 Nxd5 22.cxd5 Bxd5
23.Bxa6 Qxa6 24.Rxd5 Nf6 25.Rd2 Bf4 26.Rxc8 Rxc8 27.Rc2 Rxc2 28.Qxc2 Bd6
29.Qd2 Bf8 30.Nd4 Qc4 31.a3 Nd5 32.Qc2 Qf1 33.Qe4 Nc3 34.Qe8 h6 35.h3 g6
36.Kh2 Qc4 37.Be3 Qc7+ 38.Kh1 Kg7 39.Ne6+  1-0

[Event "Balatonalm di op"]
[Site "Balaton"]
[Date "1996.??.??"]
[Round "6"]
[White "Vadasz, Laszlo"]
[Black "Medvegy, Zoltan"]
[Result "1-0"]
[WhiteElo "2375"]
[BlackElo "2220"]

1.Nf3 c5 2.c4 Nf6 3.Nc3 d5 4.cxd5 Nxd5 5.g3 Nc6 6.Bg2 g6 7.O-O Bg7 8.Nxd5 Qxd5
9.d3 O-O 10.Be3 Bxb2 11.Rb1 Bg7 12.Qa4 Qd6 13.Nd2 Nd4 14.Bxd4 Qxd4 15.Qxd4 cxd4
16.Bxb7 Rb8 17.Bxc8 Rfxc8 18.Nc4 f5 19.f4 Kf7 20.Kg2 Ke6 21.Kf3 Kd5 22.h3 e5
23.fxe5 Bxe5 24.Rb3 Rxb3 25.axb3 Rb8 26.Ra1 Bc7 27.Rxa7 Kc6 28.Ra6+ Kd7 29.Nd2 Re8
30.Kf2 Rb8 31.Ra4 Ke7 32.Kf3 Be5 33.Ra7+ Kf8 34.g4 fxg4+ 35.hxg4 Kg8 36.g5 Bg7
37.Kg4 h6 38.Rd7 Rb5 39.Nf3 h5+ 40.Kf4 Rxb3 41.Nxd4 Rb4 42.e3 Kf8 43.Ke4 h4
44.Ra7 h3 45.Ra2 Bxd4 46.exd4 Rb7 47.Ke5 Rb3 48.Rf2+ Kg7 49.Rd2 Rb8 50.d5 Rh8
51.Rh2 Kf7 52.d6 Re8+ 53.Kd5 Re3 54.d4 Ke8 55.Ra2 Rg3 56.Ra8+ Kd7 57.Ra7+ Ke8
58.Rh7 Re3 59.Rh6 Kd7 60.Rxg6 Rg3 61.Rg7+ Ke8 62.Rh7  1-0

[Event "Balatonbereny"]
[Site "Balatonbereny"]
[Date "1996.??.??"]
[Round "6"]
[White "Kallai, Gabor"]
[Black "Horvath, Jozsef"]
[Result "1/2-1/2"]
[WhiteElo "2495"]
[BlackElo "2505"]

1.Nf3 Nf6 2.c4 c5 3.Nc3 d5 4.cxd5 Nxd5 5.e4 Nb4 6.Bb5+ N8c6 7.d4 cxd4 8.a3 Bd7
9.Nxd4 Nxd4 10.Bxd7+ Qxd7 11.axb4 e6 12.Be3 Rd8 13.Bxd4 Qxd4 14.Qa4+ Qd7
15.Ke2 a6 16.Qxd7+ Rxd7 17.b5 axb5 18.Nxb5 g6 19.Ra7 Bg7 20.Rd1 Bxb2 21.Nd6+ Ke7
22.Nc8+ Rxc8 23.Rxd7+ Kxd7 24.Rxb7+  1/2-1/2